| 000 | 00869cab a2200229 4500 | ||
|---|---|---|---|
| 001 | E1956 | ||
| 008 | 090401t1993 xxu||||| |||| 00| 0 eng d | ||
| 035 | _a(Sirsi) u36583 | ||
| 041 | _aeng | ||
| 245 | _aReference by Cumbernauld and Kilsyth District Council | ||
| 260 | _c1993 | ||
| 350 | _a0 | ||
| 490 |
_aScots Law Times _v1993 SLT (Lands Tri.) 52-56(6) |
||
| 520 | _aLands Tribunal for Scotland. 24 November 1992. Landlord and tenant - public sector housing - tenants` rights - purchase of dwellinghouse - extent of subjects let - dispute between neighbouring tenants - voluntary reference to Lands Tribunal. | ||
| 650 | _aHERITABLE PROPERTY | ||
| 650 | _aLANDS TRIBUNAL FOR SCOTLAND | ||
| 650 | _aPUBLIC SECTOR HOUSING | ||
| 650 | _aTENANTS' RIGHTS | ||
| 690 | _aLANDLORD AND TENANT-CASE LAW-RESIDENTIAL TENANCIES | ||
| 942 | _n0 | ||
| 948 | _c04/03/1997 | ||
| 999 |
_c23706 _d23706 |
||